| 000 | 00569nam a2200181Ia 4500 | ||
|---|---|---|---|
| 999 |
_c32474 _d32474 |
||
| 003 | OSt | ||
| 005 | 20201008112356.0 | ||
| 008 | 190216s9999||||xx |||||||||||||| ||und|| | ||
| 020 | _a9783319084367 | ||
| 040 | _coclc | ||
| 082 |
_a003.71 _bBEN/L |
||
| 100 |
_aBenner, Peter _95450 |
||
| 245 | 0 |
_aLarge -Scale Networks In Engineering And Life Siences / _cPeter Benner ; Rolf Findeisen ; D Flockerzi ... |
|
| 260 |
_bBirkhauser, _c2014. _aNew York: |
||
| 300 | _a388p | ||
| 650 | _aMathe Matics | ||
| 942 |
_cBK _2ddc _h003.71 _iBEN/L _k003.71 _mBEN/L |
||